| 000 | 01194nam a22002177a 4500 | ||
|---|---|---|---|
| 999 |
_c501 _d501 |
||
| 003 | OSt | ||
| 005 | 20220610112119.0 | ||
| 008 | 180221b xxu||||| |||| 00| 0 spa d | ||
| 020 | _a9501403289 | ||
| 040 | _cPJ | ||
| 100 |
_aRamella, Pablo A. _9635 |
||
| 245 | 1 | 0 |
_aCrímenes contra la humanidad / _cPablo A. Ramella. |
| 260 |
_aBuenos Aires : _bDepalma, _c1986. |
||
| 300 |
_a154 p. _c23 cm. |
||
| 504 | _aBibliografía: p.151-152. | ||
| 505 |
_a1. El individuo como sujeto del derecho penal internacional.
2. Antecedentes.
3. El juicio de Nuremberg.
4. El juicio de Tokio.
5. Análisis crítico.
6. Crímenes de guerra y crímenes contra la humanidad.
7. Trata de blancas.
8. Trata de esclavos.
9. Trafico de estupefacientes.
10. Genocidio.
11. La guerra como crimen.
12. Armas nucleares.
13. Aborto.
14. Pornografía.
15. Tortura.
16. Discriminación.
17. Terrorismo.
18. Prescripción.
19. Tribunal Internacional.
20. Reflexión final.
_rPABLO A. RAMELLA _tCRIMENES CONTRA LA HUMANIDAD |
||
| 650 | 0 |
_9495 _aDERECHO INTERNACIONAL |
|
| 650 | 0 |
_9623 _aVIOLACION DE DERECHOS HUMANOS |
|
| 650 | 0 |
_aDELITOS CONTRA LA HUMANIDAD _93559 |
|
| 942 |
_2udc _cLIB _h341.48 _iRAM |
||